[Event "AUTO-ADV-3830"]
[Site "http://www.queenalice.com/game.php?id=1477266"]
[Date "2017.5.8"]
[Round "1"]
[White "akleetch"]
[Black "BOTAFOGONISSO"]
[Result "1-0"]
[WhiteElo "1848"]
[BlackElo "1762"]

1. e4 e5 2. Nc3 c6 3. Nf3 d6 4. h3 a6 5. d4 h6 6. dxe5 Nd7 7. exd6 Qf6 8. Be3
Bxd6 9. Bd4 Qe6 10. Bxg7 Rh7 11. Nd4 Qg6 12. Nf5 Be5 13. Bxe5 Nxe5 14. Nd6+ Ke7
15. Qd4 Qxd6 16. O-O-O Qxd4 17. Rxd4 b5 18. f4 Nc4 19. Bxc4 bxc4 20. Rxc4 Bd7
21. Re1 Nf6 22. e5 Nh5 23. Re3 Rc8 24. g4 Ng7 25. f5 f6 26. e6 Be8 27. Nd5+ Kf8
28. Nxf6 Rh8 29. Rd4 h5 30. Nd7+ Bxd7 31. exd7 Rd8 32. f6 Nf5 33. Re8+ Rxe8 34.
dxe8=Q+ Kxe8 35. gxf5 Kf7 36. Rd6 Rc8 37. a4 a5 38. Kd2 c5 39. Kc3 Re8 40. Kc4
Re5 41. Rd5 Kxf6 42. Rxc5 Rxf5 43. Kb5 Rf3 44. Rxh5 Rf2 45. Rc5 Rh2 46. Rc3 Kf5
47. Kxa5 Rh1 48. b4 Ke5 49. b5 Kd4 50. Rg3 Ke4 51. b6 Rb1 52. Ka6 Kf4 53. Rc3
1-0

[Event "AUTO-ADV-3830"]
[Site "http://www.queenalice.com/game.php?id=1477267"]
[Date "2017.5.8"]
[Round "1"]
[White "BOTAFOGONISSO"]
[Black "akleetch"]
[Result "0-1"]
[WhiteElo "1841"]
[BlackElo "1832"]

1. e4 e5 2. Nf3 Nc6 3. a3 a6 4. Bc4 Nd4 5. Nxe5 Qg5 6. Nxf7 Qxg2 7. Rf1 Qxe4+ 8.
Qe2 Nxe2 9. Nxh8 Qxc4 10. Nc3 Nd4 11. d3 Qe6+ 12. Kd2 Nf3+ 13. Kd1 Be7 14. Bf4
Qg4 15. Ne2 Nd4 16. f3 Nxf3 17. Kc1 d6 18. Be3 Nf6 19. Rh1 Nd5 20. Rg1 Nxg1 21.
Bxg1 Qxe2 22. Kb1 Qd1+ 23. Ka2 Qxc2 24. d4 Nc3# 0-1

[Event "AUTO-OPEN-3803"]
[Site "http://www.queenalice.com/game.php?id=1478583"]
[Date "2017.5.18"]
[Round "1"]
[White "yclaudiu35"]
[Black "BOTAFOGONISSO"]
[Result "1-0"]
[WhiteElo "2025"]
[BlackElo "1799"]

1. e4 e5 2. Nf3 Nc6 3. Bc4 h6 4. Nc3 d6 5. d4 Bg4 6. dxe5 Bxf3 7. Qxf3 Nxe5 8.
Qe2 Nf6 9. a3 c6 10. f3 b5 11. Ba2 Nh5 12. f4 Nxf4 13. Bxf4 Ng6 14. O-O Qh4 15.
Bg3 Qg5 16. Bxf7+ Kd8 17. Rad1 Rc8 18. Bxd6 Bxd6 19. Bxg6 Qxg6 20. e5 Qg5 21.
Rxd6+ Ke7 22. Rfd1 Rc7 23. e6 Kf6 24. Ne4+ Ke7 25. Nxg5 hxg5 26. Rd7+ Rxd7 27.
Rxd7+ Kf6 28. Rf7+ Kg6 29. Qe4+ 1-0

[Event "AUTO-OPEN-3803"]
[Site "http://www.queenalice.com/game.php?id=1478584"]
[Date "2017.5.18"]
[Round "1"]
[White "BOTAFOGONISSO"]
[Black "yclaudiu35"]
[Result "0-1"]
[WhiteElo "1708"]
[BlackElo "1976"]

1. e4 e5 2. Nf3 Qf6 3. d4 exd4 4. a3 c5 5. Bc4 Bd6 6. Ng5 Nh6 7. Nd2 Qxg5 8. Qf3
Nc6 9. Nb3 Qg6 10. Bf4 Bxf4 11. Qxf4 Qxg2 12. Rf1 b6 13. O-O-O Qg4 14. Qxg4 Nxg4
15. h4 O-O 16. Rg1 Nxf2 17. Rde1 Ne5 18. Nd2 a6 19. Bd5 Rb8 20. Re2 Nh3 21. Rh1
Nf4 22. Rf2 Nxd5 23. exd5 d3 24. Nb3 Bb7 25. Re1 d6 26. c3 Bxd5 27. Rd1 Bxb3 28.
Kd2 Bxd1 29. Kxd1 f5 30. Kd2 g6 31. Rg2 c4 32. Rf2 Ng4 33. Rf4 b5 34. b4 Rfe8
35. h5 Re2+ 36. Kd1 Ne3+ 37. Kc1 d2+ 0-1

[Event "AUTO-OPEN-3803"]
[Site "http://www.queenalice.com/game.php?id=1478595"]
[Date "2017.5.18"]
[Round "1"]
[White "yeye2"]
[Black "BOTAFOGONISSO"]
[Result "1-0"]
[WhiteElo "1851"]
[BlackElo "1825"]

1. e4 e5 2. Nf3 Nc6 3. Nc3 a6 4. d4 d6 5. d5 Nce7 6. Bc4 h6 7. O-O Ng6 8. a4 Nf6
9. b4 b6 10. b5 a5 11. Bb2 Nf4 12. g3 Nh3+ 13. Kg2 Ng4 14. Qe2 Ng5 15. Nxg5 hxg5
16. h3 Nf6 17. g4 Rxh3 18. Kxh3 Bxg4+ 19. Qxg4 Nxg4 20. Kxg4 Qd7+ 21. Kf3 g6 22.
Rh1 f5 23. Rh8 g4+ 24. Ke3 f4+ 25. Ke2 g3 26. f3 O-O-O 27. Rah1 Bg7 28. R8h4 g5
29. Rg4 c5 30. Rxg5 Rh8 31. Rxh8+ Bxh8 32. Rg8+ Kb7 33. Rxh8 g2 34. Rg8 Qh3 35.
Kf2 g1=Q+ 36. Rxg1 Kc7 37. Bf1 Qh4+ 38. Ke2 c4 39. Nd1 Qh3 40. Bxh3 1-0

[Event "AUTO-OPEN-3803"]
[Site "http://www.queenalice.com/game.php?id=1478596"]
[Date "2017.5.18"]
[Round "1"]
[White "BOTAFOGONISSO"]
[Black "yeye2"]
[Result "1-0"]
[WhiteElo "1824"]
[BlackElo "1860"]

1. e4 e5 2. Nf3 Nc6 3. Bc4 Qf6 4. d3 d6 5. Nc3 Qe7 6. Ng5 Be6 7. Bxe6 fxe6 8.
Be3 h6 9. Nf3 g5 10. d4 exd4 11. Nxd4 Nxd4 12. Qxd4 Bg7 13. Qb4 c6 14. O-O-O Be5
15. g3 Bxc3 16. Qxc3 Nf6 17. e5 dxe5 18. Qxe5 O-O 19. h3 Nd7 20. Qe4 b6 21. Qxc6
Rfd8 22. f4 gxf4 23. Bxf4 Qh7 24. Qxe6+ Kf8 25. Bxh6+ Qxh6+ 26. Qxh6+ Kf7 27.
Rhf1+ Kg8 28. Qe6+ Kh8 29. Rxd7 Re8 30. Qh6+ 1-0

[Event "AUTO-OPEN-3808"]
[Site "http://www.queenalice.com/game.php?id=1480440"]
[Date "2017.5.31"]
[Round "1"]
[White "Bruscato"]
[Black "BOTAFOGONISSO"]
[Result "1-0"]
[WhiteElo "2115"]
[BlackElo "1718"]

1. e4 e5 2. f4 Nf6 3. Nc3 exf4 4. Nf3 h6 5. e5 Nh5 6. d4 Nc6 7. d5 Ne7 8. Qd4
Nf5 9. Qc4 Ne3 10. Bxe3 fxe3 11. O-O-O d6 12. Bd3 dxe5 13. Nxe5 a6 14. Nxf7 Kxf7
15. d6+ Be6 16. Bg6+ Kxg6 17. Qxe6+ Nf6 18. dxc7 Qxc7 19. Nd5 Qa5 20. Nxe3 Re8
21. Qb3 Bc5 22. Qd3+ Ne4 23. Kb1 1-0

[Event "AUTO-OPEN-3808"]
[Site "http://www.queenalice.com/game.php?id=1480441"]
[Date "2017.5.31"]
[Round "1"]
[White "BOTAFOGONISSO"]
[Black "Bruscato"]
[Result "0-1"]
[WhiteElo "1720"]
[BlackElo "2114"]

1. e4 c5 2. Bc4 e6 3. Nf3 a6 4. d3 b5 5. Bb3 Nc6 6. d4 c4 7. d5 cxb3 8. cxb3 Nb8
9. a3 Nf6 10. e5 Nxd5 11. Nbd2 Bb7 12. Nf1 Nc6 13. Ne3 Be7 14. a4 b4 15. Nc4 O-O
16. a5 Rc8 17. Nd6 Bxd6 18. exd6 f5 19. Nd2 Qh4 20. Qf3 Nd4 21. Qd3 Nf4 22. Qf1
Nc2+ 23. Kd1 Nxa1 0-1

[Event "AUTO-OPEN-3808"]
[Site "http://www.queenalice.com/game.php?id=1480462"]
[Date "2017.5.31"]
[Round "1"]
[White "BOTAFOGONISSO"]
[Black "Magogue"]
[Result "0-1"]
[WhiteElo "1703"]
[BlackElo "1705"]

1. e4 e5 2. Nf3 Nc6 3. Bb5 a6 4. Bxc6 dxc6 5. Nxe5 Qd4 6. Nxf7 Qxe4+ 7. Kf1 Kxf7
8. d3 Qd5 9. Nc3 Qe6 10. b3 Bc5 11. Ne4 Be7 12. Bg5 Nf6 13. Qf3 Qe5 14. Re1 Bg4
15. Qe3 Rhe8 16. f4 Qe6 17. h3 Bf5 18. g4 Bxe4 19. dxe4 Nxe4 20. Qxe4 Qxe4 21.
Rxe4 Bxg5 22. Rxe8 Rxe8 23. fxg5 Re5 24. h4 Re4 25. Rg1 Rd4 26. c4 Kg6 27. Ke2
h5 28. Kf3 Rd3+ 29. Ke2 Rd4 30. Ke3 Rd7 31. c5 hxg4 32. Rxg4 Kh5 33. Kf3 Rd3+
34. Ke2 Kxg4 35. Kxd3 Kxh4 36. Ke3 Kxg5 37. a4 Kg4 38. Ke4 g5 39. b4 Kg3 0-1

[Event "AUTO-OPEN-3808"]
[Site "http://www.queenalice.com/game.php?id=1480463"]
[Date "2017.5.31"]
[Round "1"]
[White "Magogue"]
[Black "BOTAFOGONISSO"]
[Result "1-0"]
[WhiteElo "1706"]
[BlackElo "1810"]

1. e4 e5 2. f4 exf4 3. Bc4 Qh4+ 4. Kf1 b6 5. Nf3 Qf6 6. Nc3 c6 7. d4 Nh6 8. e5
Qe7 9. Bxf4 d5 10. exd6 Qf6 11. Qe2+ Kd8 12. Bg5 Qxg5 13. Nxg5 Be7 14. Qxe7# 1-0

[Event "AUTO-OPEN-3808"]
[Site "http://www.queenalice.com/game.php?id=1480464"]
[Date "2017.5.31"]
[Round "1"]
[White "BOTAFOGONISSO"]
[Black "Artking"]
[Result "0-1"]
[WhiteElo "1792"]
[BlackElo "2044"]

1. e4 b6 2. d4 Bb7 3. Nc3 e6 4. a3 Nf6 5. h3 c5 6. dxc5 Bxc5 7. Bc4 O-O 8. Rh2
Nxe4 9. Nxe4 Bxe4 10. g3 Nc6 11. c3 Ne5 12. Bb5 d5 13. f3 Bg6 14. f4 Bxg1 15.
Rg2 Be4 16. Rxg1 Nf3+ 17. Kf2 Rc8 18. Be3 Nxg1 19. Qxg1 Qf6 20. Bd4 Qe7 21. g4
f6 22. f5 e5 23. Be3 d4 24. Bd2 Bb7 25. cxd4 exd4 26. Re1 Qc5 27. a4 d3+ 28. Kg3
Qd6+ 29. Bf4 Qd5 30. Rc1 Rxc1 31. Bxc1 d2 32. Bxd2 Qxd2 33. Qb1 Qe3+ 34. Kh2
Qf2# 0-1

[Event "AUTO-OPEN-3808"]
[Site "http://www.queenalice.com/game.php?id=1480465"]
[Date "2017.5.31"]
[Round "1"]
[White "Artking"]
[Black "BOTAFOGONISSO"]
[Result "1-0"]
[WhiteElo "2064"]
[BlackElo "1781"]

1. d4 d5 2. c4 Bf5 3. Nc3 dxc4 4. e4 Bg6 5. Bxc4 e6 6. f4 Nc6 7. Nf3 h6 8. O-O
Nf6 9. Qe2 Bh5 10. Rd1 g5 11. d5 exd5 12. exd5+ Ne7 13. d6 cxd6 14. fxg5 hxg5
15. Bxg5 Ng4 16. Nd5 Rg8 17. Ne5 dxe5 18. Qxg4 Nxd5 19. Bb5+ 1-0

[Event "AUTO-ADV-3854"]
[Site "http://www.queenalice.com/game.php?id=1482423"]
[Date "2017.6.15"]
[Round "1"]
[White "maurice91"]
[Black "BOTAFOGONISSO"]
[Result "1-0"]
[WhiteElo "1876"]
[BlackElo "1740"]

1. d4 d5 2. Nf3 h6 3. Bf4 e6 4. e3 a6 5. Nbd2 Nf6 6. h3 Nc6 7. c4 b5 8. cxb5
axb5 9. Bxb5 Bd7 10. a3 Na5 11. Bxd7+ Qxd7 12. O-O g5 13. Be5 Bg7 14. Rc1 Rg8
15. Rxc7 Qb5 16. b4 Nc4 17. Nxc4 Bf8 18. Nd6+ Bxd6 19. Bxd6 Ne4 20. Re7+ Kd8 21.
Ne5 Nxd6 22. Rd7+ Qxd7 23. Nxd7 1-0

[Event "AUTO-ADV-3854"]
[Site "http://www.queenalice.com/game.php?id=1482424"]
[Date "2017.6.15"]
[Round "1"]
[White "BOTAFOGONISSO"]
[Black "maurice91"]
[Result "0-1"]
[WhiteElo "1729"]
[BlackElo "1899"]

1. e4 c6 2. d4 d5 3. e5 Bf5 4. h3 h6 5. Bd3 e6 6. Bxf5 exf5 7. a3 g6 8. Bf4 g5
9. Bh2 Bg7 10. Nf3 Ne7 11. Nc3 Ng6 12. b4 O-O 13. b5 f4 14. Nd2 Re8 15. Qb1 f6
16. bxc6 Nxc6 17. Qxb7 Rc8 18. Nb5 Re7 19. Qa6 fxe5 20. O-O exd4 21. Nxd4 Nxd4
22. Qxg6 Nxc2 23. Ra2 Nd4 0-1

[Event "AUTO-ADV-3854"]
[Site "http://www.queenalice.com/game.php?id=1482437"]
[Date "2017.6.15"]
[Round "1"]
[White "Kingkila"]
[Black "BOTAFOGONISSO"]
[Result "1-0"]
[WhiteElo "2013"]
[BlackElo "1716"]

1. e4 e5 2. Qh5 d6 3. Bc4 g6 4. Qf3 Nf6 5. h3 Nc6 6. c3 a6 7. d3 h6 8. g4 g5 9.
h4 Bg7 10. hxg5 hxg5 11. Rxh8+ Bxh8 12. Bxg5 Ne7 13. Bxf6 Kd7 14. Bxh8 Qxh8 15.
Nd2 Ke8 16. Qxf7+ Kd8 17. O-O-O Bxg4 18. f3 Bh5 19. Qe6 b5 20. Bb3 1-0

[Event "AUTO-ADV-3854"]
[Site "http://www.queenalice.com/game.php?id=1482438"]
[Date "2017.6.15"]
[Round "1"]
[White "BOTAFOGONISSO"]
[Black "Kingkila"]
[Result "0-1"]
[WhiteElo "1712"]
[BlackElo "2017"]

1. e4 e5 2. Nf3 d6 3. Bb5+ c6 4. Ba4 Bg4 5. h3 Bxf3 6. Qxf3 Nf6 7. d3 Qa5+ 8.
Nc3 Nbd7 9. Bd2 Nc5 10. a3 Nxa4 11. Nxa4 Qxa4 12. O-O-O d5 13. Rhe1 Bxa3 14.
bxa3 Qxa3+ 15. Kb1 dxe4 16. dxe4 Qc5 17. c3 Rd8 18. Qf5 Qb5+ 19. Kc1 O-O 0-1